Electronic voting certification procedures: Who should carry out the technical analysis? /
Guardado en:
| Autor principal: | |
|---|---|
| Formato: | Texto |
| Materias: | |
| Etiquetas: |
Agregar Etiqueta
Sin Etiquetas, Sea el primero en etiquetar este registro!
|
MARC
| LEADER | 00000 a a2200000 04500 | ||
|---|---|---|---|
| 001 | 18932 | ||
| 003 | |||
| 040 | |||
| 100 | |a Barrat, Jordi | ||
| 245 | |a Electronic voting certification procedures: |b Who should carry out the technical analysis? / |c Jordi Barrat | ||
| 650 | |a VOTO ELECTRONICO | ||
| 650 | |a INTERNET | ||
| 650 | |a CERTIFICADOS | ||
| 650 | |a TECNOLOGIA ELECTRONICA | ||
| 650 | |a LEGISLACION | ||
| 773 | |g número 25; páginas 81-92 | ||
| 999 | |c 26815 |d 26815 | ||
